Občanský zákoník. Úplné znění s výkladem a poznámkami. 1.

Všeobecné ustanovenia: Občianskoprávne vzťahy a ich ochrana. Účastníci občianskoprávnych vzťahov. Zastúpenie. Právne úkony. Premlčanie. Vymedzenie niektorých pojmov. Vecné práva: Vlastnícke právo. Spoluvlastníctvo. Práva k cudzím veciam.

Gespeichert in:
Bibliographische Detailangaben
1. Verfasser: Jehlička, O.
Format: Buchkapitel
Sprache:Tschechisch
Schlagworte:
Tags: Tag hinzufügen
Keine Tags, Fügen Sie das erste Tag hinzu!

MARC

LEADER 00000naa a2200000 4500
001 r009182
005 20220831083903.5
041 0 |a cze 
044 |a [CS] 
245 1 0 |a Občanský zákoník.  |b Úplné znění s výkladem a poznámkami. 1.  |c O. Jehlička 
520 |a Všeobecné ustanovenia: Občianskoprávne vzťahy a ich ochrana. Účastníci občianskoprávnych vzťahov. Zastúpenie. Právne úkony. Premlčanie. Vymedzenie niektorých pojmov. Vecné práva: Vlastnícke právo. Spoluvlastníctvo. Práva k cudzím veciam. 
610 2 0 |a zákonník občiansky 
610 2 0 |a ČSFR 
610 2 0 |a predpisy právne 
610 2 0 |a vlastníctvo 
610 2 0 |a 1992 
100 1 |a Jehlička, O.